Espacios literarios : creación crítica teorica - histórica.
Kaydedildi:
| Materyal Türü: | Bilinmiyor |
|---|---|
| Dil: | Spanish |
| Konular: | |
| Etiketler: |
Etiketle
Etiket eklenmemiş, İlk siz ekleyin!
|
MARC
| LEADER | 000000000a22000000004500 | ||
|---|---|---|---|
| 001 | 003282 | ||
| 041 | 0 | |a spa | |
| 245 | 0 | 0 | |a Espacios literarios : |b creación crítica teorica - histórica. |
| 300 | |a 120 páginas | ||
| 650 | 4 | |a ROME, JESUS. LOBO | |
| 650 | 4 | |a BOREL, JEAN PAUL | |
| 650 | 4 | |a EL DON DE VORACE | |
| 650 | 4 | |a HISTORIA Y CRITICA | |
| 650 | 4 | |a LITERATURA LATINOAMERICANA | |
| 650 | 4 | |a LITERATURA Y SOCIEDAD | |
| 650 | 4 | |a INTERCAMBIO CULTURAL | |
| 650 | 4 | |a CREACION LITERARIA Y ARTISTICA, ETC. | |
| 773 | 0 | |d Suiza : Universidad de Neuchatel - Suisse |t Rumbos |g (1989) | |
| 942 | |c ARC | ||
| 999 | |c 9997 |d 9997 | ||
